000 00312nam a22001217a 4500
082 _a347
_bSIA
100 _aSial, Skindar Hayat
245 _aCivil & Family Laws /
_cSkindar Hayat Sial
260 _aLahore :
_bKazim Book House,
_c2020.
300 _a376 p. ;
_c24 CM.
563 _aHB.
942 _2ddc
_cBK
999 _c615995
_d615995